[Event "SVK-chT1E 0809"]
[Site "Slovakia"]
[Date "2009.02.07"]
[Round "8.4"]
[White "Irsai, Jevgenij"]
[Black "Ligart, Tamas"]
[Result "1-0"]
[WhiteElo "2323"]
[BlackElo "2247"]
[PlyCount "87"]
[EventDate "2008.10.18"]
[EventType "team-tourn"]
[EventRounds "11"]
[EventCountry "SVK"]
[SourceTitle "EXT 2010"]
[Source "ChessBase"]
[SourceDate "2010.11.25"]
[SourceVersion "1"]
[SourceVersionDate "2010.11.25"]
[SourceQuality "1"]
[WhiteTeam "Banska Bystrica TH junior"]
[BlackTeam "Svit SO"]
[WhiteTeamCountry "SVK"]
[BlackTeamCountry "SVK"]

1. d4 d6 2. e4 Nf6 3. Nc3 e5 4. dxe5 dxe5 5. Qxd8+ Kxd8 6. Bc4 Be6 7. Bxe6 fxe6 8. Bg5 Nbd7 9. f3 a6 10. Bh4 Bd6 11. 0-0-0 Ke7 12. Nge2 b5 13. Rhf1 h6 14. Bf2 Rad8 15. Kb1 Bc5 16. Nc1 Bxf2 17. Rxf2 Nc5 18. Rxd8 Rxd8 19. b4 Nb7 20. Nd3 Nd7 21. a4 c6 22. h4 Nd6 23. g3 Nc4 24. Ka2 Rf8 25. h5 Kd6 26. Kb3 Rxf3 27. Rg2 Ne3 28. Rd2 Nc4 29. Rg2 Ne3 30. Rd2 Kc7 31. g4 Kb6 32. Rh2 Nxg4 33. Rg2 Ndf6 34. a5+ Ka7 35. Rd2 Nxh5 36. Nc5 Rf7 37. Rd6 Nf4 38. Rxc6 h5 39. Rxa6+ Kb8 40. Nxb5 h4 41. Rb6+ Ka8 42. Rd6 Rf8 43. Rd7 h3 44. Na6 1-0

[Event "SVK-chT 0001"]
[Site "Slovakia"]
[Date "2001.02.11"]
[Round "9"]
[White "Komora, Andrej"]
[Black "Irsai, Jevgenij"]
[Result "1-0"]
[WhiteElo "2307"]
[BlackElo "2331"]
[PlyCount "55"]
[EventDate "2000.10.21"]
[EventType "team"]
[EventRounds "11"]
[EventCountry "SVK"]
[SourceTitle "EXT 2002"]
[Source "ChessBase"]
[SourceDate "2001.11.25"]
[SourceVersion "1"]
[SourceVersionDate "2001.11.25"]
[SourceQuality "1"]

1. e4 g6 2. d4 Bg7 3. Nf3 d6 4. c4 c5 5. dxc5 Qa5+ 6. Nc3 Nf6 7. Bd3 Qxc5 8. Be3 Qa5 9. h3 Nc6 10. 0-0 0-0 11. a3 Nd7 12. b4 Qd8 13. Rc1 b6 14. Be2 Bb7 15. Nd4 Nde5 16. Nxc6 Nxc6 17. c5 dxc5 18. bxc5 Nd4 19. cxb6 axb6 20. Bc4 e5 21. Bd5 Bxd5 22. Nxd5 Rxa3 23. Rc8 Qd6 24. Rxf8+ Kxf8 25. Bd2 Nc6 26. Qc2 Qc5 27. Rc1 Ke8 28. Qb2 1-0

[Event "SVK-chT 0102"]
[Site "Slovakia"]
[Date "2001.??.??"]
[Round "1"]
[White "Danek, Pavol"]
[Black "Irsai, Jevgenij"]
[Result "0-1"]
[WhiteElo "2245"]
[BlackElo "2340"]
[PlyCount "130"]
[EventDate "2001.10.??"]
[EventType "team"]
[EventRounds "11"]
[EventCountry "SVK"]
[SourceTitle "CBM 085 Extra"]
[Source "ChessBase"]
[SourceDate "2002.01.21"]
[SourceVersion "1"]
[SourceVersionDate "2002.01.21"]
[SourceQuality "1"]

1. d4 Nf6 2. Nf3 g6 3. g3 Bg7 4. Bg2 d5 5. 0-0 0-0 6. Nbd2 Nc6 7. b3 a5 8. Bb2 a4 9. a3 axb3 10. cxb3 Bf5 11. Rc1 Ne4 12. Ne5 Nxe5 13. Nxe4 Bxe4 14. Bxe4 Ng4 15. Bf3 Nf6 16. Qc2 c6 17. Rfd1 e6 18. a4 h5 19. h4 Qd7 20. Rb1 Rfc8 21. Bc1 Ne8 22. Bf4 Bf6 23. Qd2 Ng7 24. Bg5 Qe7 25. Qf4 Nf5 26. e3 Kg7 27. Be2 Bxg5 28. hxg5 Qd6 29. Qe5+ Qxe5 30. dxe5 Ne7 31. Rbc1 Rd8 32. Ra1 b6 33. b4 Ra7 34. Ra2 Rda8 35. Rda1 Kf8 36. Bd1 Ke8 37. Rc1 Kd7 38. Rd2 Rc7 39. Bb3 Kc8 40. Rdc2 Kb7 41. Rb2 Rd7 42. Rd1 Ka7 43. Kf1 Rc8 44. a5 bxa5 45. Ra2 Rb7 46. Rxa5+ Kb8 47. Rd4 c5 48. Rf4 Nf5 49. b5 c4 50. Ba4 Ra7 51. Rxa7 Kxa7 52. e4 dxe4 53. Rxe4 Kb6 54. g4 hxg4 55. Rxg4 Ka5 56. Bc2 Kxb5 57. Ke2 Rd8 58. Bxf5 exf5 59. Rg1 c3 60. Rb1+ Kc4 61. Rb7 Rd2+ 62. Ke1 Rd5 63. Rxf7 c2 64. Rc7+ Kb3 65. e6 Rd1+ 0-1

[Event "SVK-chT 0102"]
[Site "Slovakia"]
[Date "2001.??.??"]
[Round "2"]
[White "Irsai, Jevgenij"]
[Black "Balogh, Peter"]
[Result "1-0"]
[WhiteElo "2340"]
[BlackElo "2330"]
[PlyCount "95"]
[EventDate "2001.10.??"]
[EventType "team"]
[EventRounds "11"]
[EventCountry "SVK"]
[SourceTitle "CBM 085 Extra"]
[Source "ChessBase"]
[SourceDate "2002.01.21"]
[SourceVersion "1"]
[SourceVersionDate "2002.01.21"]
[SourceQuality "1"]

1. Nf3 Nf6 2. c4 g6 3. Nc3 Bg7 4. g3 d6 5. d4 0-0 6. Bg2 c5 7. d5 Na6 8. 0-0 Nc7 9. e4 a6 10. a4 b6 11. Re1 Rb8 12. Bg5 h6 13. Bf4 b5 14. Qc2 bxc4 15. h3 g5 16. Bc1 Nd7 17. Nd1 e6 18. Ne3 exd5 19. exd5 Nf6 20. Nd2 Re8 21. Rd1 a5 22. Ndxc4 Na6 23. Bd2 Nb4 24. Qb1 Ba6 25. Qf5 Rxe3 26. Nxe3 Bd3 27. Qf3 Be4 28. Qe2 Bxg2 29. Bxb4 Bxh3 30. Bc3 Qe7 31. Qd3 Ne4 32. Bxg7 Kxg7 33. Re1 f5 34. f3 Qe5 35. Nxf5+ Bxf5 36. fxe4 Bg6 37. Qc3 Rxb2 38. Qxe5+ dxe5 39. Rab1 Rxb1 40. Rxb1 Bxe4 41. Rc1 Bxd5 42. Rxc5 Bb3 43. Rxa5 Kf6 44. Ra6+ Ke7 45. a5 h5 46. Rh6 h4 47. gxh4 gxh4 48. a6 1-0

[Event "SVK-chT 0001"]
[Site "Slovakia"]
[Date "2000.12.16"]
[Round "5"]
[White "Mrva, Vladimir"]
[Black "Irsai, Jevgenij"]
[Result "0-1"]
[WhiteElo "2240"]
[BlackElo "2331"]
[PlyCount "140"]
[EventDate "2000.10.21"]
[EventType "team"]
[EventRounds "11"]
[EventCountry "SVK"]
[SourceTitle "EXT 2002"]
[Source "ChessBase"]
[SourceDate "2001.11.25"]
[SourceVersion "1"]
[SourceVersionDate "2001.11.25"]
[SourceQuality "1"]

1. e4 g6 2. d4 Bg7 3. Nf3 d6 4. Be2 Nf6 5. Nc3 0-0 6. 0-0 Nc6 7. d5 Nb8 8. h3 h6 9. Be3 c5 10. Qd2 Kh7 11. Rad1 Nbd7 12. Nh2 Qa5 13. a4 Qb4 14. f3 Nh5 15. Rb1 Nb6 16. Kf2 f5 17. exf5 gxf5 18. f4 Nf6 19. Kg1 Nfxd5 20. Nxd5 Qxd2 21. Bxd2 Nxd5 22. Bf3 Nf6 23. Rfe1 e6 24. c4 a5 25. Rbd1 Ra7 26. Bc3 Ne8 27. Bxg7 Kxg7 28. Bh5 Ra6 29. Rd2 Kf6 30. Red1 Ke7 31. Bf3 Rb6 32. Be2 Bd7 33. Ra1 Rb4 34. Nf1 b6 35. Ne3 Rxa4 36. Re1 Kd8 37. Bh5 Nf6 38. Bf3 Kc7 39. Red1 Rb4 40. Rxd6 Rxb2 41. g4 Ba4 42. R1d2 Rxd2 43. Rxd2 fxg4 44. hxg4 Nd7 45. f5 Ne5 46. Bg2 Re8 47. Rb2 Bc6 48. Bxc6 Kxc6 49. Kf1 exf5 50. gxf5 Nd3 51. Re2 Nc1 52. Re1 Nb3 53. Kf2 a4 54. Rh1 Rh8 55. Nc2 Nd4 56. Nxd4+ cxd4 57. Ke2 Kc5 58. Kd3 Rf8 59. Rb1 a3 60. Rb5+ Kc6 61. Rb3 a2 62. Ra3 Rxf5 63. Rxa2 Kc5 64. Ke4 Rh5 65. Rb2 Rh4+ 66. Ke5 d3 67. Rb5+ Kxc4 68. Rxb6 d2 69. Rd6 Kc3 70. Rc6+ Kd3 0-1

[Event "SVK-chT 0001"]
[Site "Slovakia"]
[Date "2000.10.22"]
[Round "2"]
[White "Rachela, Milan"]
[Black "Irsai, Jevgenij"]
[Result "0-1"]
[WhiteElo "2265"]
[BlackElo "2331"]
[PlyCount "128"]
[EventDate "2000.10.21"]
[EventType "team"]
[EventRounds "11"]
[EventCountry "SVK"]
[SourceTitle "EXT 2002"]
[Source "ChessBase"]
[SourceDate "2001.11.25"]
[SourceVersion "1"]
[SourceVersionDate "2001.11.25"]
[SourceQuality "1"]

1. d4 Nf6 2. c4 g6 3. Nc3 Bg7 4. Nf3 0-0 5. Bg5 d6 6. e3 Na6 7. Be2 Bf5 8. 0-0 c6 9. a3 Rc8 10. Nd2 e5 11. Nde4 exd4 12. exd4 Nc7 13. Bd3 Bxe4 14. Nxe4 d5 15. cxd5 cxd5 16. Nc5 b6 17. Na6 Ne6 18. Be3 Qd7 19. a4 Rfd8 20. Bb5 Qd6 21. h3 Ne4 22. Ra3 f5 23. Rd3 f4 24. Bd2 Nxd4 25. Be1 Nxb5 26. axb5 Nc5 27. Bb4 Qd7 28. Nxc5 bxc5 29. Ba5 c4 30. Rd2 d4 31. Bxd8 Rxd8 32. Qa4 Rc8 33. Rc1 f3 34. Rxc4 Re8 35. Rc1 fxg2 36. Qb3+ Kh8 37. Rdd1 Bh6 38. Rb1 Re3 39. Qxe3 Bxe3 40. fxe3 Qxh3 41. exd4 g5 42. Kf2 g4 43. Ke2 Qf3+ 44. Kd2 h5 45. Kc2 Qd5 46. Rbc1 Qf5+ 47. Kc3 h4 48. d5 h3 49. d6 h2 50. d7 Qxd7 51. Rxd7 g1Q 52. Rdd1 Qe3+ 53. Kb4 Qe7+ 54. Ka5 Qb7 55. Re1 g3 56. Rh1 Qb6+ 57. Ka4 Qd4+ 58. b4 Qb2 59. b6 axb6 60. Rce1 Qd2 61. Ra1 Qd7+ 62. Kb3 Qd3+ 63. Ka4 Qa6+ 64. Kb3 Qxa1 0-1

[Event "SVK-chT2E 9900"]
[Site "Slovakia"]
[Date "2000.??.??"]
[Round "?"]
[White "Lukac, Jozef"]
[Black "Irsai, Jevgenij"]
[Result "1/2-1/2"]
[WhiteElo "2089"]
[BlackElo "2280"]
[PlyCount "39"]
[EventDate "1999.??.??"]
[EventType "team"]
[EventRounds "9"]
[EventCountry "SVK"]
[SourceTitle "EXT 2001"]
[Source "ChessBase"]
[SourceDate "2000.11.22"]
[SourceVersion "1"]
[SourceVersionDate "2000.11.22"]
[SourceQuality "1"]

1. Nf3 d5 2. g3 g6 3. Bg2 Bg7 4. 0-0 e5 5. d3 Ne7 6. c4 c6 7. Qc2 0-0 8. Nbd2 Na6 9. Rb1 Nb4 10. Qa4 a5 11. a3 Na6 12. b4 e4 13. dxe4 dxc4 14. bxa5 c3 15. Nc4 Nc5 16. Qc2 Rxa5 17. Rd1 Nd7 18. Nxa5 Qxa5 19. Bf4 Nc5 20. Nd4 1/2-1/2

[Event "SVK-chT2E 9900"]
[Site "Slovakia"]
[Date "1999.??.??"]
[Round "?"]
[White "Irsai, Jevgenij"]
[Black "Husek, Zdenek"]
[Result "1-0"]
[WhiteElo "2280"]
[BlackElo "2245"]
[PlyCount "71"]
[EventDate "1999.??.??"]
[EventType "team"]
[EventRounds "9"]
[EventCountry "SVK"]
[SourceTitle "EXT 2001"]
[Source "ChessBase"]
[SourceDate "2000.11.22"]
[SourceVersion "1"]
[SourceVersionDate "2000.11.22"]
[SourceQuality "1"]

1. d4 d5 2. Nf3 Nf6 3. c4 dxc4 4. Nc3 Nc6 5. e4 Bg4 6. Be3 e5 7. d5 Nb8 8. Qa4+ Bd7 9. Qxc4 Bd6 10. h3 0-0 11. Bg5 h6 12. Bh4 a6 13. Qb3 b5 14. Bd3 c5 15. dxc6 Bxc6 16. 0-0 Nbd7 17. Rad1 Qc7 18. Bxf6 Nxf6 19. Bb1 Bc5 20. Nd5 Bxd5 21. exd5 e4 22. Nd4 Qe5 23. Nc6 Qf4 24. d6 Bb6 25. Qb4 g5 26. Rde1 e3 27. fxe3 Bxe3+ 28. Kh1 Qxb4 29. Nxb4 Bf4 30. Rd1 Nh5 31. Rf3 Ng3+ 32. Kg1 Ne2+ 33. Kf2 Ng3 34. Rxg3 Bxg3+ 35. Kxg3 f5 36. d7 1-0

[Event "SVK-chT 9899"]
[Site "Slovakia"]
[Date "1999.??.??"]
[Round "8"]
[White "Irsai, Jevgenij"]
[Black "Lanc, Alois"]
[Result "1-0"]
[WhiteElo "2280"]
[BlackElo "2405"]
[PlyCount "121"]
[EventDate "1998.??.??"]
[EventType "team"]
[EventRounds "11"]
[EventCountry "SVK"]
[SourceTitle "EXT 2000"]
[Source "ChessBase"]
[SourceDate "1999.11.16"]
[SourceVersion "1"]
[SourceVersionDate "1999.11.16"]
[SourceQuality "1"]

1. d4 g6 2. e4 Bg7 3. c3 d6 4. Nf3 Nf6 5. Bd3 0-0 6. 0-0 b6 7. Re1 Bb7 8. h3 Nfd7 9. Bg5 f6 10. Bh4 e5 11. Nbd2 Qe8 12. Nf1 Nc6 13. Ne3 Nd8 14. d5 Kh8 15. g4 Bh6 16. Bc2 Qe7 17. b4 Nf7 18. Kg2 Bf4 19. Bg3 a5 20. a4 Bxe3 21. Rxe3 c6 22. Bb3 c5 23. bxa5 Rxa5 24. Nd2 Nd8 25. Bh4 Bc8 26. Bc4 Ba6 27. Qe2 Nb8 28. Nb3 Bxc4 29. Qxc4 Ra6 30. Re2 Qd7 31. Rea2 Kg7 32. Qb5 Nb7 33. f3 f5 34. exf5 gxf5 35. Nd2 Qf7 36. Qd3 Qg6 37. Kh2 fxg4 38. Qxg6+ hxg6 39. hxg4 Nd7 40. Ne4 c4 41. Kg2 Re8 42. Bf2 Nf6 43. Nxf6 Kxf6 44. Rh1 Kg7 45. Bh4 Nc5 46. Kg3 e4 47. f4 e3 48. Kf3 e2 49. Bf2 e1Q 50. Bxe1 Rh8 51. Rxh8 Kxh8 52. Bf2 Nb3 53. Ke4 b5 54. Bd4+ Kg8 55. Bf6 Rxa4 56. Rh2 Ra1 57. g5 Re1+ 58. Kf3 Nc5 59. Rh8+ Kf7 60. Rd8 Rf1+ 61. Ke3 1-0

[Event "SVK-chT3C 9900"]
[Site "Slovakia"]
[Date "1999.??.??"]
[Round "?"]
[White "Tomcik, Milan"]
[Black "Irsai, Jevgenij"]
[Result "0-1"]
[WhiteElo "2318"]
[BlackElo "2280"]
[PlyCount "66"]
[EventDate "1999.??.??"]
[EventType "team"]
[EventRounds "9"]
[EventCountry "SVK"]
[SourceTitle "EXT 2001"]
[Source "ChessBase"]
[SourceDate "2000.11.22"]
[SourceVersion "1"]
[SourceVersionDate "2000.11.22"]
[SourceQuality "1"]

1. e4 g6 2. d4 Bg7 3. f4 d6 4. Nc3 Nf6 5. Nf3 0-0 6. Bd3 Bg4 7. h3 Bxf3 8. Qxf3 c6 9. e5 Nd5 10. Nxd5 cxd5 11. Qxd5 Nc6 12. Be3 e6 13. Qf3 Qa5+ 14. c3 Rad8 15. Qe2 b5 16. 0-0 b4 17. Rfc1 Ne7 18. cxb4 Qxb4 19. Rc4 Qa5 20. a3 Rd7 21. b4 Qd8 22. Bc2 Nd5 23. Ba4 dxe5 24. dxe5 Nxe3 25. Qxe3 Rd3 26. Qxa7 Qd5 27. Qc5 Qd8 28. Bc6 f6 29. Be4 Rd1+ 30. Rxd1 Qxd1+ 31. Kh2 fxe5 32. Rc1 Qd2 33. Rf1 Qe2 0-1

[Event "SVK-chT 9798"]
[Site "Slovakia"]
[Date "1998.??.??"]
[Round "7"]
[White "Irsai, Jevgenij"]
[Black "Pejko, Otomar"]
[Result "1-0"]
[WhiteElo "2270"]
[BlackElo "2250"]
[PlyCount "69"]
[EventDate "1997.??.??"]
[EventType "team"]
[EventRounds "11"]
[EventCountry "SVK"]
[SourceTitle "EXT 1999"]
[Source "ChessBase"]
[SourceDate "1998.11.16"]
[SourceVersion "1"]
[SourceVersionDate "1998.11.16"]
[SourceQuality "1"]

1. d4 d5 2. Nf3 Bf5 3. c4 e6 4. Nc3 Nc6 5. a3 Nf6 6. Bg5 Be7 7. e3 0-0 8. Rc1 a6 9. h3 Bg6 10. Be2 dxc4 11. Bxc4 Ne4 12. Bxe7 Qxe7 13. 0-0 Rfd8 14. Nxe4 Bxe4 15. Nd2 Bg6 16. Qe2 Qg5 17. f4 Qf6 18. Bb3 Rac8 19. Kh2 h6 20. Rc3 Ne7 21. Qf2 Nf5 22. Ne4 Qe7 23. Nc5 c6 24. Bc2 Bh7 25. a4 Qc7 26. Kh1 Rb8 27. g4 Ne7 28. e4 Qd6 29. Nb3 Qb4 30. f5 exf5 31. gxf5 f6 32. Rg3 Nc8 33. Rfg1 Rd7 34. Qg2 Qf8 35. Nc5 1-0

[Event "SVK-chT 9798"]
[Site "Slovakia"]
[Date "1998.??.??"]
[Round "8"]
[White "Tibensky, Robert"]
[Black "Irsai, Jevgenij"]
[Result "1-0"]
[WhiteElo "2435"]
[BlackElo "2270"]
[PlyCount "69"]
[EventDate "1997.??.??"]
[EventType "team"]
[EventRounds "11"]
[EventCountry "SVK"]
[SourceTitle "EXT 1999"]
[Source "ChessBase"]
[SourceDate "1998.11.16"]
[SourceVersion "1"]
[SourceVersionDate "1998.11.16"]
[SourceQuality "1"]

1. d4 Nf6 2. Nf3 g6 3. c4 Bg7 4. g3 b6 5. Bg2 Bb7 6. 0-0 d6 7. Nc3 Nbd7 8. Qc2 0-0 9. Rd1 c5 10. d5 a6 11. e4 Ne8 12. a4 Rb8 13. h3 Bc8 14. Be3 Nc7 15. Bf1 e5 16. dxe6 fxe6 17. Bg2 Qe7 18. Bg5 Bf6 19. Bxf6 Rxf6 20. e5 dxe5 21. Qe2 Bb7 22. Nxe5 Nxe5 23. Qxe5 Bxg2 24. Kxg2 Rb7 25. Ne4 Rf5 26. Qd6 Kf8 27. Qxe7+ Kxe7 28. Nd6 Rb8 29. Nxf5+ gxf5 30. Rd2 Rb7 31. Rad1 Ne8 32. g4 fxg4 33. hxg4 b5 34. Rh1 Kf6 35. Rh6+ 1-0

[Event "SVK-chT 9697"]
[Site "Slovakia"]
[Date "1997.??.??"]
[Round "8"]
[White "Briestensky, Rastislav"]
[Black "Irsai, Jevgenij"]
[Result "1-0"]
[WhiteElo "2240"]
[BlackElo "2270"]
[PlyCount "75"]
[EventDate "1996.??.??"]
[EventType "team"]
[EventRounds "11"]
[EventCountry "SVK"]
[SourceTitle "EXT 1998"]
[Source "ChessBase"]
[SourceDate "1997.11.17"]
[SourceVersion "1"]
[SourceVersionDate "1997.11.17"]
[SourceQuality "1"]

1. e4 g6 2. d4 Bg7 3. g3 d6 4. Bg2 Nd7 5. Ne2 Ngf6 6. c4 e5 7. d5 a5 8. Nbc3 Nc5 9. f3 Bd7 10. Be3 Qe7 11. Qd2 Nh5 12. Nb5 Bxb5 13. cxb5 b6 14. Bxc5 bxc5 15. a4 Bf6 16. h4 0-0 17. Bh3 Bg7 18. Bg4 f5 19. exf5 e4 20. f4 Nf6 21. Bh3 e3 22. Qc2 Nxd5 23. fxg6 Nb4 24. gxh7+ Kh8 25. Qb1 d5 26. 0-0 d4 27. f5 d3 28. Nf4 e2 29. Ng6+ Kxh7 30. Nxe7 exf1Q+ 31. Bxf1 c4 32. Qd1 Rf6 33. Qh5+ Rh6 34. Qf7 Nc2 35. f6 Rxf6 36. Qxc4 Nxa1 37. Qe4+ Kh6 38. Bxd3 1-0